Networked Digital Technologies Third International Conference, NDT 2011, Macau, China, July 11-13, 2011. Proceedings /

This book constitutes the proceedings of the Third International Conference on Networked Digital Technologies, held in Macau, China, in July 2011. The 41 revised papers presented were carefully reviewed and selected from 127 submissions. The papers are organized in topical sections on information se...

Full description

Bibliographic Details
Corporate Author: SpringerLink (Online service)
Other Authors: Fong, Simon (Editor)
Format: Electronic eBook
Language:English
Published: Berlin, Heidelberg : Springer Berlin Heidelberg : Imprint: Springer, 2011.
Series:Communications in Computer and Information Science, 136
Subjects:
Online Access:Full Text via HEAL-Link
LEADER 02551nam a22005415i 4500
001 978-3-642-22185-9
003 DE-He213
005 20161124034825.0
007 cr nn 008mamaa
008 110630s2011 gw | s |||| 0|eng d
020 |a 9783642221859  |9 978-3-642-22185-9 
024 7 |a 10.1007/978-3-642-22185-9  |2 doi 
040 |d GrThAP 
050 4 |a QA76.76.A65 
072 7 |a UNH  |2 bicssc 
072 7 |a UDBD  |2 bicssc 
072 7 |a COM032000  |2 bisacsh 
082 0 4 |a 005.7  |2 23 
245 1 0 |a Networked Digital Technologies  |h [electronic resource] :  |b Third International Conference, NDT 2011, Macau, China, July 11-13, 2011. Proceedings /  |c edited by Simon Fong. 
264 1 |a Berlin, Heidelberg :  |b Springer Berlin Heidelberg :  |b Imprint: Springer,  |c 2011. 
300 |a X, 448 p.  |b online resource. 
336 |a text  |b txt  |2 rdacontent 
337 |a computer  |b c  |2 rdamedia 
338 |a online resource  |b cr  |2 rdacarrier 
347 |a text file  |b PDF  |2 rda 
490 1 |a Communications in Computer and Information Science,  |x 1865-0929 ;  |v 136 
520 |a This book constitutes the proceedings of the Third International Conference on Networked Digital Technologies, held in Macau, China, in July 2011. The 41 revised papers presented were carefully reviewed and selected from 127 submissions. The papers are organized in topical sections on information security, networks, information management, multimedia, human computer interaction and simulation, e-learning and e-government, Web services/semantics, user centric information system/intelligent computing, and data mining. 
650 0 |a Computer science. 
650 0 |a Computer communication systems. 
650 0 |a Software engineering. 
650 0 |a Database management. 
650 0 |a Information storage and retrieval. 
650 0 |a Artificial intelligence. 
650 1 4 |a Computer Science. 
650 2 4 |a Information Systems Applications (incl. Internet). 
650 2 4 |a Artificial Intelligence (incl. Robotics). 
650 2 4 |a Computer Communication Networks. 
650 2 4 |a Information Storage and Retrieval. 
650 2 4 |a Database Management. 
650 2 4 |a Software Engineering. 
700 1 |a Fong, Simon.  |e editor. 
710 2 |a SpringerLink (Online service) 
773 0 |t Springer eBooks 
776 0 8 |i Printed edition:  |z 9783642221842 
830 0 |a Communications in Computer and Information Science,  |x 1865-0929 ;  |v 136 
856 4 0 |u http://dx.doi.org/10.1007/978-3-642-22185-9  |z Full Text via HEAL-Link 
912 |a ZDB-2-SCS 
950 |a Computer Science (Springer-11645)